| 000 | 00658nam a2200217 a 4500 | ||
|---|---|---|---|
| 999 |
_c3760 _d3760 |
||
| 001 | 3760 | ||
| 003 | BD-JhCC | ||
| 005 | 20171118115602.0 | ||
| 008 | 171118s bg |||| ||a| 000 0 ben d | ||
| 035 | _a(BD-JhCC)3760 | ||
| 040 |
_aBD-JhCC _dBD-JhCC |
||
| 041 | _aben | ||
| 082 |
_a891.4415 _bBHO |
||
| 100 | _aব্রহ্মা, ইনামুল কবির | ||
| 245 |
_aনির্বাসিত পিপাসা / _cইনামুল কবির ব্রহ্মা, |
||
| 260 |
_aঢাকা : _bসৃজনী চক্র, |
||
| 300 |
_a216 p. : _c20 cm. |
||
| 650 | _aCollection of Poems | ||
| 942 |
_2ddc _cBK |
||